000 00753nam a22002537a 4500
001 BD-DhSAU 3842
003 BD-DhSAU
005 20150210130250.0
008 150210b1990 ii a|||| |||| 001 0 eng d
020 _a8185005702
040 _aBD-DhSAU
082 _222
_a307.1412
_bBHR
100 _aBhatnagar, O P
245 _aResearch methods and measurements in behavioural and social sciences /
_cO P Bhatnagar
250 _a2nd revised & enlarged ed.
260 _aNew Delhi :
_bAgricole Pub. Academy ,
_cc1990.
300 _axv, 272 p. :
_bill. ;
_c22 cm.
504 _aIncludes bibliographical references & index.
590 _aJerin
650 _asocial science
650 _aSociology
650 _abehaviour
650 _aResearch method
942 _2ddc
_cBOOK
999 _c3842
_d3842